Statistics for Random Welsh Words

Click here to take the quiz!

General Stats

  • This quiz has been taken 112 times
  • The average score is 14 of 20

Answer Stats

WelshEnglish% Correct
DiolchThanks
96%
DimNo
89%
PumpFive
87%
GlasBlue
85%
Hwyl fawrGoodbye
85%
BoreMorning
85%
House
82%
Os gwelwch yn ddaPlease
81%
Pêl-droedFootball
76%
BrawdBrother
74%
CariadLove
73%
LlaethMilk
72%
GwladCountry
68%
ChwaerSister
68%
ArafSlow
67%
FforddRoad
53%
CwrwBeer
50%
PlentynChild
49%
YnysIsland
40%
SglefrfyrddioSkateboard
24%

Score Distribution

Percentile by Number Answered

Percent of People with Each Score

Your Score History

You have not taken this quiz